000 00743nam a22002417a 4500
999 _c166019
_d166019
005 20190710145258.0
010 _aB-182857
020 _a-
_c132.00
035 _aB-182857
037 _bBPPD/Ven.
_adpl
082 _a920
_22004
100 _aما ہيکل ہا ر ٹ
245 _aسو عظيم آ د می
_cما ہيکل ہا ر ٹ
_hUrdu
246 _a100 Azeem Aadmi (Urdu)
_bby Maikal Hart
250 _a2004 ء
260 _aN.Delhi 110002
_bMaktaba Jadeed
270 _a9/10,Gola Market,Darya Ganj,
300 _a528ص
_c22cm(Hbk)
490 _aJaico illustrated classics series
942 _2ddc
_cUR
_mہ ا ر
_h920